Länder die an China grenzen - Statistiken

Allgemein
  • Dieses Quiz wurde 57 mal gespielt
  • Das Durchschnittsergebnis liegt bei 12 aus 16
Antwortstatistiken
km Land % Korrekt
4630 km Mongolei
100%
1352 km Nord-Korea
94%
4179 km Russland
94%
2659 km Indien
91%
1389 km Nepal
91%
1765 km Kasachstan
85%
1297 km Vietnam
85%
477 km Bhutan
83%
475 km Laos
81%
91 km Afghanistan
74%
2129 km Myanmar
74%
428 km Pakistan
74%
477 km Tadschikistan
74%
1063 km Kirgisistan
55%
33 km Hongkong
36%
3 km Macao
21%
Keine übereinstimmenden Quizze gefunden
Verteilung der Resultate
Anzahl Personen mit jedem Resultat
Perzentil nach korrekt beantworteten Fragen
Ihre Resultats-Entwicklung
Sie haben dieses Quiz noch nicht gespielt